00409nam a2200109Ia 4500008004100000020005500041082001200096100008000108245006700188260000900255264003500264231129s2011||||xx |||||||||||||| ||spa|| a978-958-722-135-0  aER- 519 aCardona Giraldo Dora ... [et al.]. Compiladora: Patricia Granada Echeverri 0aAspectos psicosociales del desplazamiento forzado en Risaralda c2011 aDosquebradas: Publiprint 2011